| 000 | 00586nam a2200181 i 4500 | ||
|---|---|---|---|
| 001 | 179311 | ||
| 003 | ES-MaACL | ||
| 005 | 20250817210122.0 | ||
| 008 | 111027s1863 fr |||| | fre d | ||
| 080 | _a821.133.1Renan, Ernest1.07 | ||
| 100 | 1 |
_aDelaunay, Ferdinand-Hippolyte. _9148409 |
|
| 245 | 1 | 0 |
_aLe Vme Évangile de M. Renan / _cpar H.-F. D*** [Delaunay]. |
| 260 |
_aParis : _bG. Havard, _c1863. |
||
| 300 |
_a60 p. ; _c21 cm. |
||
| 600 | 1 | 4 |
_aRenan, Ernest, _d1823-1892- _xCrítica e interpretación _996169 |
| 852 | 4 |
_aES-MaACL _jT-86-F-4 |
|
| 999 |
_c179311 _d179311 |
||